000 00441cam a2200181ua 4500
020 _a0-246-12264-1
_c12.50
041 _aeng
_h
082 _a028.7369
_bSCO/DI
100 _aScott, John S .
245 _aDictionary of building /
_cJohn S Scott.
_hTextual Documents
250 _a3 /
_b.
260 _aLondon :
_bGranada ,
_c1984.
300 _a383 ; .
365 _a12.50
504 _a
942 _cBK
999 _c10000
_d10000